000 00335nam a2200133 4500
008 191022s2018||||xo d
245 1 0 _aDejiny slovenského divadla I.
250 _a1.vydanie
260 _bDivadelný ústav
_aBratislava
_c2018
300 _a731s.
020 _a9788081900936
_c26,60
041 1 _aslo
044 _axo
_cSK
999 _c22748
_d22748